The engineering design process / (Record no. 615859)

000 -LEADER
fixed length control field 01391pam a2200361 a 4500
001 - CONTROL NUMBER
control field 1088939
005 - DATE AND TIME OF LATEST TRANSACTION
control field 20260119154535.0
008 - FIXED-LENGTH DATA ELEMENTS--GENERAL INFORMATION
fixed length control field 921006s1993 nyua b 001 0 eng
010 ## - LIBRARY OF CONGRESS CONTROL NUMBER
LC control number 92034615
020 ## - INTERNATIONAL STANDARD BOOK NUMBER
International Standard Book Number 0471517968
Qualifying information alk. paper
020 ## - INTERNATIONAL STANDARD BOOK NUMBER
International Standard Book Number 9780471517962
Qualifying information (alk. paper)
035 ## - SYSTEM CONTROL NUMBER
System control number 1088939
040 ## - CATALOGING SOURCE
Original cataloging agency DLC
Transcribing agency DLC
Modifying agency DLC
050 00 - LIBRARY OF CONGRESS CALL NUMBER
Classification number TA174
Item number .E78 1993
082 00 - DEWEY DECIMAL CLASSIFICATION NUMBER
Classification number 620.0042 ERT'E
Edition number 20
100 1# - MAIN ENTRY--PERSONAL NAME
Personal name Ertas, Atila,
Dates associated with a name 1944-
9 (RLIN) 132826
110 ## - MAIN ENTRY--CORPORATE NAME
Corporate name or jurisdiction name as entry element Jesse C. Jones.
9 (RLIN) 132827
245 14 - TITLE STATEMENT
Title The engineering design process /
Statement of responsibility, etc. Atila Ertas, Jesse C. Jones.
260 ## - PUBLICATION, DISTRIBUTION, ETC.
Place of publication, distribution, etc. New York :
Name of publisher, distributor, etc. Wiley,
Date of publication, distribution, etc. c1993.
300 ## - PHYSICAL DESCRIPTION
Extent xiv, 525 p. :
Other physical details ill. ;
Dimensions 26 cm.
336 ## - CONTENT TYPE
Content type term text
Content type code txt
Source rdacontent
337 ## - MEDIA TYPE
Media type term unmediated
Media type code n
Source rdamedia
338 ## - CARRIER TYPE
Carrier type term volume
Carrier type code nc
Source rdacarrier
504 ## - BIBLIOGRAPHY, ETC. NOTE
Bibliography, etc. note Includes bibliographical references and index.
650 #0 - SUBJECT ADDED ENTRY--TOPICAL TERM
Topical term or geographic name entry element Engineering design.
700 1# - ADDED ENTRY--PERSONAL NAME
Personal name Jones, Jesse C.
9 (RLIN) 132828
856 42 - ELECTRONIC LOCATION AND ACCESS
Materials specified Publisher description
Uniform Resource Identifier <a href="http://www.loc.gov/catdir/enhancements/fy0607/92034615-d.html">http://www.loc.gov/catdir/enhancements/fy0607/92034615-d.html</a>
856 41 - ELECTRONIC LOCATION AND ACCESS
Materials specified Table of contents only
Uniform Resource Identifier <a href="http://www.loc.gov/catdir/enhancements/fy0607/92034615-t.html">http://www.loc.gov/catdir/enhancements/fy0607/92034615-t.html</a>
906 ## - LOCAL DATA ELEMENT F, LDF (RLIN)
a 7
b cbc
c orignew
d 1
e ocip
f 19
g y-gencatlg
942 ## - ADDED ENTRY ELEMENTS (KOHA)
Source of classification or shelving scheme
Koha item type Book
Holdings
Withdrawn status Lost status Source of classification or shelving scheme Damaged status Not for loan Permanent Location Current Location Shelving location Date acquired Total Checkouts Full call number Barcode Date last seen Price effective from Koha item type Public note
          College of Electrical & Mechanical Engineering (CEME) College of Electrical & Mechanical Engineering (CEME) General Stacks 01/19/2026   620.0042 ERT'E CEME-28208 01/19/2026 01/19/2026 Book 4.1
© 2023 Central Library, National University of Sciences and Technology. All Rights Reserved.